000 01850nam2a2200241 4500
001 RU\NLR\BIBL_A\011985081
005 20190715115249.0
021 _aRU
_bКН-П-19-017986
_9КН-П-19-1352
035 _a(NLR Aleph) 011985081
090 _a11328641
_c11328641
100 _a20190410d2019 u y0rusy50 ca
101 0 _arus
102 _aRU
105 _aa j 000zy
200 1 _aПуть святых праздников
_e(от Вербного воскресенья до Успенья)
210 _d2019
215 _a127 с.
_cцв. ил.
461 0 _1001RU\NLR\BIBL_A\011980698
_12001#$aОсновы духовно-нравственной культуры народов России$iОсновы православной культуры$e8-й класс$ecемья в календаре православных праздников$eучебное пособие для общеобразовательных школ, лицеев, гимназий$fЛ. Л. Шевченко$vКн. 3
_1700#1$aШевченко$bЛ. Л.$cд-р пед. наук$gЛюдмила Леонидовна$3RU\NLR\AUTH\7724136
_911306580
_aШевченко, Л. Л. (д-р пед. наук)
_cМосква
_d2019
_e4-е изд.
_fЛ. Л. Шевченко
_iОсновы православной культуры
_nЦентр поддержки культурно-исторических традиций Отечества
_o8-й класс : cемья в календаре православных праздников : учебное пособие для общеобразовательных школ, лицеев, гимназий
_tОсновы духовно-нравственной культуры народов России
_vКн. 3
942 _cBOOK
980 _aNBR
980 _aNB